000 00429nam a2200169Ia 4500
003 GCL
008 140319s9999 xx 000 0 eng d
040 _aGCL /
_cGCL
082 0 4 _a420
_bH L
100 1 _aHARRIS, ROY
245 1 0 _aLANGUAGE AND LINGUISTICS /
_cHARRIS, ROY
260 _a[S.N] :
_bROUTLEDGE ،
_c1995
650 0 4 _aLINGUISTICS
650 0 4 _aENGLISH LANGUAGE
650 0 4 _aTEACHING - LANGUAGE
942 _2ddc
_cBK
999 _c14094
_d14094